[Event "Russian Championship (Rapid, Women)"]
[Site "Sochi"]
[Date "2018.10.05"]
[Round "5.10"]
[White "Protopopova, Anastasiya"]
[Black "Maletina, Tatiana"]
[Result "1/2-1/2"]
[BlackElo "2246"]
[WhiteElo "2105"]
[LiveChessVersion "1.4.8"]

1. d4 {[%clk 0:15:18]} e6 {[%clk 0:15:14]} 2. c4 {[%clk 0:15:24]} f5
{[%clk 0:15:23]} 3. g3 {[%clk 0:15:07]} Nf6 {[%clk 0:15:28]} 4. Bg2
{[%clk 0:15:15]} d5 {[%clk 0:15:37]} 5. Nf3 {[%clk 0:14:55]} c6 {[%clk 0:15:44]}
6. O-O {[%clk 0:15:02]} Bd6 {[%clk 0:15:53]} 7. Ne5 {[%clk 0:15:07]} O-O
{[%clk 0:15:55]} 8. Nd2 {[%clk 0:15:14]} Nbd7 {[%clk 0:15:36]} 9. Nd3
{[%clk 0:15:20]} Bc7 {[%clk 0:14:47]} 10. Qc2 {[%clk 0:15:21]} Nb6
{[%clk 0:14:44]} 11. c5 {[%clk 0:13:46]} Nbd7 {[%clk 0:14:51]} 12. Nf3
{[%clk 0:13:35]} Ne4 {[%clk 0:13:35]} 13. Bf4 {[%clk 0:11:25]} g5
{[%clk 0:12:15]} 14. Bxc7 {[%clk 0:11:27]} Qxc7 {[%clk 0:12:23]} 15. b4
{[%clk 0:11:27]} b5 {[%clk 0:10:15]} 16. cxb6 {[%clk 0:11:03]} axb6
{[%clk 0:10:23]} 17. Rfc1 {[%clk 0:07:07]} Bb7 {[%clk 0:09:52]} 18. Nfe5
{[%clk 0:07:12]} Nxe5 {[%clk 0:08:35]} 19. Nxe5 {[%clk 0:07:17]} Rac8
{[%clk 0:04:53]} 20. a4 {[%clk 0:07:21]} Qe7 {[%clk 0:04:36]} 21. Qb1
{[%clk 0:06:34]} c5 {[%clk 0:04:29]} 22. bxc5 {[%clk 0:05:50]} bxc5
{[%clk 0:04:37]} 23. dxc5 {[%clk 0:03:36]} Nxc5 {[%clk 0:04:02]} 24. Qb4
{[%clk 0:03:43]} Qg7 {[%clk 0:02:39]} 25. Nf3 {[%clk 0:03:22]} Ne4
{[%clk 0:02:25]} 26. Nd4 {[%clk 0:03:30]} Rfe8 {[%clk 0:01:37]} 27. a5
{[%clk 0:03:36]} Ba6 {[%clk 0:01:30]} 28. Rxc8 {[%clk 0:02:53]} Rxc8
{[%clk 0:01:38]} 29. Qb6 {[%clk 0:03:02]} Nc5 {[%clk 0:01:47]} 30. Rd1
{[%clk 0:02:31]} Qe5 {[%clk 0:01:11]} 31. e3 {[%clk 0:01:57]} Qb8
{[%clk 0:00:28]} 32. Nxe6 {[%clk 0:00:41]} Qxb6 {[%clk 0:00:36]} 33. axb6
{[%clk 0:00:49]} Nxe6 {[%clk 0:00:45]} 34. Bxd5 {[%clk 0:00:58]} Kf7
{[%clk 0:00:54]} 35. b7 {[%clk 0:01:07]} Rb8 {[%clk 0:00:30]} 36. Ra1
{[%clk 0:01:15]} Bxb7 {[%clk 0:00:35]} 37. Ra7 {[%clk 0:01:12]} Kf6
{[%clk 0:00:36]} 38. Rxb7 {[%clk 0:01:16]} Rxb7 {[%clk 0:00:31]} 39. Bxb7
{[%clk 0:01:24]} f4 {[%clk 0:00:26]} 40. Kg2 {[%clk 0:00:45]} Ke5
{[%clk 0:00:22]} 41. Kf3 {[%clk 0:00:41]} fxe3 {[%clk 0:00:26]} 42. fxe3
{[%clk 0:00:48]} h5 {[%clk 0:00:16]} 43. h3 {[%clk 0:00:47]} Nc5 {[%clk 0:00:12]}
44. Bc6 {[%clk 0:00:54]} Ne6 {[%clk 0:00:21]} 45. Bd7 {[%clk 0:00:47]} Ng7
{[%clk 0:00:28]} 46. Bc8 {[%clk 0:00:41]} Ne8 {[%clk 0:00:35]} 47. Bb7
{[%clk 0:00:17]} Nf6 {[%clk 0:00:42]} 48. Bc8 {[%clk 0:00:19]} Ne8
{[%clk 0:00:46]} 49. e4 {[%clk 0:00:15]} Nd6 {[%clk 0:00:44]} 50. Bd7
{[%clk 0:00:17]} Nxe4 {[%clk 0:00:51]} 51. Be8 {[%clk 0:00:21]} Nf6
{[%clk 0:00:57]} 52. Bg6 {[%clk 0:00:27]} g4+ {[%clk 0:01:05]} 53. Ke4+ 1/2-1/2

[Event "Russian Championship (Rapid, Women)"]
[Site "Sochi"]
[Date "2018.10.05"]
[Round "5.11"]
[White "Vasilevich, Irina"]
[Black "Garifullina, Leya"]
[Result "1/2-1/2"]
[BlackElo "2030"]
[WhiteElo "2226"]
[LiveChessVersion "1.4.8"]

1. c4 {[%clk 0:15:18]} e6 {[%clk 0:15:16]} 2. Nc3 {[%clk 0:15:27]} d5
{[%clk 0:15:25]} 3. e3 {[%clk 0:15:35]} Nf6 {[%clk 0:15:20]} 4. Nf3
{[%clk 0:15:42]} a6 {[%clk 0:15:09]} 5. b3 {[%clk 0:15:28]} Be7 {[%clk 0:15:15]}
6. Bb2 {[%clk 0:15:37]} O-O {[%clk 0:15:22]} 7. Qc2 {[%clk 0:15:38]} c5
{[%clk 0:15:31]} 8. cxd5 {[%clk 0:14:16]} exd5 {[%clk 0:15:28]} 9. d4
{[%clk 0:13:37]} Nc6 {[%clk 0:15:01]} 10. Rd1 {[%clk 0:10:26]} Bg4
{[%clk 0:13:29]} 11. dxc5 {[%clk 0:09:18]} Bxf3 {[%clk 0:10:05]} 12. gxf3
{[%clk 0:09:21]} Qa5 {[%clk 0:09:53]} 13. Rg1 {[%clk 0:07:20]} Qxc5
{[%clk 0:09:15]} 14. a3 {[%clk 0:03:18]} d4 {[%clk 0:07:56]} 15. b4
{[%clk 0:03:23]} Qh5 {[%clk 0:07:54]} 16. Ne4 {[%clk 0:02:35]} Qxf3
{[%clk 0:06:55]} 17. Bg2 {[%clk 0:01:16]} Qh5 {[%clk 0:06:32]} 18. Nxf6+
{[%clk 0:01:00]} Bxf6 {[%clk 0:06:37]} 19. Bxc6 {[%clk 0:01:08]} Rac8
{[%clk 0:06:08]} 20. Bxd4 {[%clk 0:00:39]} Rxc6 {[%clk 0:05:56]} 21. Qe4
{[%clk 0:00:33]} Qxh2 {[%clk 0:05:41]} 22. Rh1 {[%clk 0:00:26]} Re6
{[%clk 0:05:33]} 23. Rxh2 {[%clk 0:00:23]} Rxe4 {[%clk 0:05:41]} 24. Bxf6
{[%clk 0:00:32]} gxf6 {[%clk 0:05:50]} 25. Ke2 {[%clk 0:00:32]} Rc8
{[%clk 0:05:35]} 26. Rg1+ {[%clk 0:00:38]} Kh8 {[%clk 0:05:33]} 27. Rgh1
{[%clk 0:00:46]} Rec4 {[%clk 0:05:06]} 28. Rxh7+ {[%clk 0:00:43]} Kg8
{[%clk 0:05:15]} 29. R7h6 {[%clk 0:00:27]} Kg7 {[%clk 0:05:19]} 30. R6h3
{[%clk 0:00:34]} Kf8 {[%clk 0:05:25]} 31. Rh8+ {[%clk 0:00:25]} Ke7
{[%clk 0:05:33]} 1/2-1/2

[Event "Russian Championship (Rapid, Women)"]
[Site "Sochi"]
[Date "2018.10.05"]
[Round "5.12"]
[White "Drozdova, Dina"]
[Black "Vifleemskaia, Svetlana"]
[Result "1-0"]
[BlackElo "2075"]
[WhiteElo "2206"]
[LiveChessVersion "1.4.8"]

1. d4 {[%clk 0:15:18]} Nc6 {[%clk 0:15:14]} 2. Nf3 {[%clk 0:15:22]} d5
{[%clk 0:15:23]} 3. g3 {[%clk 0:15:02]} Bg4 {[%clk 0:15:15]} 4. Bg2
{[%clk 0:15:11]} Qd7 {[%clk 0:15:22]} 5. h3 {[%clk 0:15:15]} Bf5 {[%clk 0:15:22]}
6. c3 {[%clk 0:15:09]} f6 {[%clk 0:13:49]} 7. Nh4 {[%clk 0:14:47]} Be6
{[%clk 0:13:02]} 8. Nd2 {[%clk 0:13:27]} Bf7 {[%clk 0:09:11]} 9. b4
{[%clk 0:09:34]} a6 {[%clk 0:08:13]} 10. Nb3 {[%clk 0:09:24]} e5 {[%clk 0:07:39]}
11. Nf3 {[%clk 0:08:31]} e4 {[%clk 0:05:09]} 12. Nh2 {[%clk 0:08:23]} Bd6
{[%clk 0:03:08]} 13. a4 {[%clk 0:08:11]} f5 {[%clk 0:02:51]} 14. Nf1
{[%clk 0:08:04]} Nf6 {[%clk 0:02:54]} 15. Bf4 {[%clk 0:07:14]} O-O
{[%clk 0:02:48]} 16. Qd2 {[%clk 0:05:56]} b6 {[%clk 0:01:57]} 17. Ne3
{[%clk 0:05:42]} Ne7 {[%clk 0:01:56]} 18. a5 {[%clk 0:05:33]} Nh5
{[%clk 0:01:30]} 19. Nc2 {[%clk 0:05:25]} Nf6 {[%clk 0:00:48]} 20. Bxd6
{[%clk 0:05:04]} Qxd6 {[%clk 0:00:54]} 21. e3 {[%clk 0:04:12]} Nd7
{[%clk 0:00:50]} 22. Bf1 {[%clk 0:04:08]} b5 {[%clk 0:00:42]} 23. Be2
{[%clk 0:04:08]} g5 {[%clk 0:00:27]} 24. O-O-O {[%clk 0:04:11]} Kg7
{[%clk 0:00:27]} 25. Kb2 {[%clk 0:04:14]} Ng6 {[%clk 0:00:28]} 26. Rdg1
{[%clk 0:04:10]} h6 {[%clk 0:00:25]} 27. Bh5 {[%clk 0:03:40]} Ne7
{[%clk 0:00:22]} 28. Bd1 {[%clk 0:03:46]} Ng6 {[%clk 0:00:28]} 29. Ne1
{[%clk 0:03:30]} Rh8 {[%clk 0:00:36]} 30. Ng2 {[%clk 0:03:32]} Qf6
{[%clk 0:00:22]} 31. Ne1 {[%clk 0:03:34]} Qd6 {[%clk 0:00:24]} 32. Bc2
{[%clk 0:03:27]} Be6 {[%clk 0:00:27]} 33. Bd1 {[%clk 0:03:30]} Raf8
{[%clk 0:00:32]} 34. Nc1 {[%clk 0:03:19]} Kf7 {[%clk 0:00:37]} 35. Bh5
{[%clk 0:03:27]} Kg7 {[%clk 0:00:43]} 36. Bxg6 Kxg6 {[%clk 0:00:52]} 37. h4
{[%clk 0:02:13]} Kf6 {[%clk 0:00:32]} 38. hxg5+ {[%clk 0:02:09]} hxg5
{[%clk 0:00:41]} 39. Nc2 {[%clk 0:02:18]} Ke7 {[%clk 0:00:28]} 40. Qd1
{[%clk 0:02:12]} g4 {[%clk 0:00:23]} 41. Rxh8 {[%clk 0:02:16]} Rxh8
{[%clk 0:00:32]} 42. Rh1 {[%clk 0:02:25]} Rxh1 {[%clk 0:00:22]} 43. Qxh1
{[%clk 0:02:34]} Bf7 {[%clk 0:00:26]} 44. Ne2 {[%clk 0:02:36]} Qf6
{[%clk 0:00:30]} 45. Nf4 {[%clk 0:02:41]} c6 {[%clk 0:00:37]} 46. Na1
{[%clk 0:02:43]} Kd6 {[%clk 0:00:27]} 47. Nb3 {[%clk 0:02:49]} Kc7
{[%clk 0:00:25]} 48. Nc5 {[%clk 0:02:34]} Nxc5 {[%clk 0:00:31]} 49. bxc5
{[%clk 0:02:43]} Kd7 {[%clk 0:00:25]} 50. Kb3 {[%clk 0:02:47]} Ke7
{[%clk 0:00:32]} 51. Qh7 {[%clk 0:02:46]} Kf8 {[%clk 0:00:38]} 52. Kb4
{[%clk 0:02:48]} Ke7 {[%clk 0:00:38]} 53. Ng2 {[%clk 0:02:13]} Ke6
{[%clk 0:00:19]} 54. Nh4 {[%clk 0:02:08]} Be8 {[%clk 0:00:11]} 55. Qc7
{[%clk 0:02:08]} Qf7 {[%clk 0:00:11]} 56. Qd6# 1-0

[Event "Russian Championship (Rapid, Women)"]
[Site "Sochi"]
[Date "2018.10.06"]
[Round "6.1"]
[White "Ambartsumova, Karina"]
[Black "Kashlinskaya, Alina"]
[Result "1-0"]
[BlackElo "2353"]
[WhiteElo "2327"]
[LiveChessVersion "1.4.8"]

1. c4 {[%clk 0:15:14]} e6 {[%clk 0:15:18]} 2. d4 {[%clk 0:14:49]} d5
{[%clk 0:15:26]} 3. Nc3 {[%clk 0:14:24]} c6 {[%clk 0:15:34]} 4. cxd5
{[%clk 0:12:19]} exd5 {[%clk 0:15:41]} 5. Bf4 {[%clk 0:12:25]} Bd6
{[%clk 0:15:33]} 6. Bxd6 {[%clk 0:12:00]} Qxd6 {[%clk 0:15:41]} 7. e3
{[%clk 0:12:09]} Bf5 {[%clk 0:13:55]} 8. Bd3 {[%clk 0:11:35]} Bxd3
{[%clk 0:13:36]} 9. Qxd3 {[%clk 0:11:41]} Nf6 {[%clk 0:13:42]} 10. Nge2
{[%clk 0:11:22]} Nbd7 {[%clk 0:13:06]} 11. Ng3 {[%clk 0:08:11]} O-O
{[%clk 0:13:14]} 12. O-O {[%clk 0:08:00]} Rfe8 {[%clk 0:11:57]} 13. Rae1
{[%clk 0:06:50]} Rad8 {[%clk 0:10:35]} 14. f3 {[%clk 0:06:01]} b5
{[%clk 0:08:17]} 15. a3 {[%clk 0:03:19]} b4 {[%clk 0:06:44]} 16. axb4
{[%clk 0:03:17]} Qxb4 {[%clk 0:06:52]} 17. Rf2 {[%clk 0:03:20]} c5
{[%clk 0:06:47]} 18. Ra1 {[%clk 0:02:47]} a5 {[%clk 0:06:03]} 19. Nf1
{[%clk 0:01:58]} Rb8 {[%clk 0:05:51]} 20. Rd1 {[%clk 0:01:23]} c4
{[%clk 0:03:53]} 21. Qf5 {[%clk 0:01:32]} Qd6 {[%clk 0:02:35]} 22. g4
{[%clk 0:01:12]} Rb3 {[%clk 0:02:04]} 23. g5 {[%clk 0:01:07]} g6 {[%clk 0:02:13]}
24. Qf4 {[%clk 0:00:43]} Qxf4 {[%clk 0:02:01]} 25. exf4 {[%clk 0:00:52]} Nh5
{[%clk 0:02:10]} 26. Nxd5 {[%clk 0:01:01]} Reb8 {[%clk 0:02:20]} 27. Nfe3
{[%clk 0:00:37]} Nxf4 {[%clk 0:02:15]} 28. Nxf4 {[%clk 0:00:38]} Rxe3
{[%clk 0:02:24]} 29. Rc1 {[%clk 0:00:34]} Reb3 {[%clk 0:01:58]} 30. Rxc4
{[%clk 0:00:42]} Rxb2 {[%clk 0:02:07]} 31. Rxb2 {[%clk 0:00:16]} Rxb2
{[%clk 0:02:15]} 32. Rc8+ {[%clk 0:00:18]} Kg7 {[%clk 0:02:24]} 33. Rc7
{[%clk 0:00:26]} Nf8 {[%clk 0:02:05]} 34. Ra7 {[%clk 0:00:29]} Rb5
{[%clk 0:02:11]} 35. d5 {[%clk 0:00:25]} Rb4 {[%clk 0:01:41]} 36. Ne6+
{[%clk 0:00:32]} Kg8 {[%clk 0:01:51]} 37. Nxf8 {[%clk 0:00:29]} Kxf8
{[%clk 0:01:59]} 38. Rxa5 {[%clk 0:00:37]} Rf4 {[%clk 0:01:34]} 39. Kg2
{[%clk 0:00:16]} Ke7 {[%clk 0:01:38]} 40. Kg3 {[%clk 0:00:19]} Rf5
{[%clk 0:01:35]} 41. d6+ {[%clk 0:00:21]} Kxd6 {[%clk 0:01:44]} 42. Rxf5
{[%clk 0:00:29]} gxf5 {[%clk 0:01:53]} 43. Kf4 Ke6 44. h3 {[%clk 0:00:22]} Ke7
{[%clk 0:00:28]} 45. Kxf5 {[%clk 0:00:30]} Kf8 {[%clk 0:00:38]} 46. Kf6
{[%clk 0:00:34]} Kg8 {[%clk 0:00:47]} 47. h4 {[%clk 0:00:29]} Kf8
{[%clk 0:00:57]} 48. f4 {[%clk 0:00:21]} Kg8 {[%clk 0:01:06]} 49. h5
{[%clk 0:00:21]} Kf8 {[%clk 0:01:15]} 50. f5 {[%clk 0:00:16]} Kg8
{[%clk 0:01:24]} 51. Ke7 {[%clk 0:00:15]} Kg7 {[%clk 0:00:28]} 52. f6+
{[%clk 0:00:23]} Kg8 {[%clk 0:00:22]} 53. Ke8 {[%clk 0:00:32]} h6
{[%clk 0:00:18]} 54. g6 {[%clk 0:00:28]} Kh8 {[%clk 0:00:27]} 55. gxf7
{[%clk 0:00:29]} Kh7 {[%clk 0:00:36]} 56. Ke7 {[%clk 0:00:36]} 1-0

[Event "Russian Championship (Rapid, Women)"]
[Site "Sochi"]
[Date "2018.10.06"]
[Round "6.2"]
[White "Styazhkina, Anna"]
[Black "Tomilova, Elena"]
[Result "1/2-1/2"]
[BlackElo "2275"]
[WhiteElo "2214"]
[LiveChessVersion "1.4.8"]

1. e4 {[%clk 0:14:58]} e6 {[%clk 0:15:19]} 2. Nf3 {[%clk 0:14:41]} d5
{[%clk 0:15:23]} 3. Nc3 {[%clk 0:14:43]} Nf6 {[%clk 0:15:19]} 4. e5
{[%clk 0:14:48]} Nfd7 {[%clk 0:15:28]} 5. Ne2 {[%clk 0:14:45]} c5
{[%clk 0:15:25]} 6. c3 {[%clk 0:14:50]} Nc6 {[%clk 0:15:32]} 7. d4
{[%clk 0:14:53]} Qb6 {[%clk 0:14:44]} 8. a3 {[%clk 0:14:14]} Be7 {[%clk 0:13:48]}
9. Nf4 {[%clk 0:13:19]} a5 {[%clk 0:12:30]} 10. b3 {[%clk 0:11:13]} cxd4
{[%clk 0:12:08]} 11. cxd4 {[%clk 0:11:14]} Nf8 {[%clk 0:11:32]} 12. Nh5
{[%clk 0:10:01]} g6 {[%clk 0:11:22]} 13. Ng3 {[%clk 0:08:50]} h5 {[%clk 0:11:14]}
14. h4 {[%clk 0:08:51]} Bd7 {[%clk 0:10:54]} 15. Be3 {[%clk 0:07:30]} Rc8
{[%clk 0:10:43]} 16. Bd3 {[%clk 0:06:59]} Na7 {[%clk 0:10:36]} 17. O-O
{[%clk 0:05:41]} Bb5 {[%clk 0:10:22]} 18. Ne2 {[%clk 0:03:37]} Bxd3
{[%clk 0:10:08]} 19. Qxd3 {[%clk 0:03:45]} Qb5 {[%clk 0:09:46]} 20. Qxb5+
{[%clk 0:02:47]} Nxb5 {[%clk 0:09:55]} 21. Rfc1 {[%clk 0:02:20]} Rxc1+
{[%clk 0:08:09]} 22. Rxc1 {[%clk 0:02:27]} Kd7 {[%clk 0:07:38]} 23. a4
{[%clk 0:02:33]} Na7 {[%clk 0:07:42]} 24. Bg5 {[%clk 0:02:06]} Ba3
{[%clk 0:07:24]} 25. Ra1 {[%clk 0:02:06]} Be7 {[%clk 0:07:12]} 26. Rc1
{[%clk 0:01:36]} Ba3 {[%clk 0:07:20]} 27. Ra1 {[%clk 0:01:03]} Be7
{[%clk 0:07:28]} 28. Nf4 {[%clk 0:00:43]} Nh7 {[%clk 0:07:16]} 29. Bxe7
{[%clk 0:00:39]} Kxe7 {[%clk 0:07:24]} 30. Rc1 {[%clk 0:00:41]} Rc8
{[%clk 0:07:17]} 1/2-1/2

[Event "Russian Championship (Rapid, Women)"]
[Site "Sochi"]
[Date "2018.10.06"]
[Round "6.3"]
[White "Voit, Daria"]
[Black "Drozdova, Dina"]
[Result "1/2-1/2"]
[BlackElo "2206"]
[WhiteElo "2355"]
[LiveChessVersion "1.4.8"]

1. Nf3 {[%clk 0:15:18]} Nf6 {[%clk 0:15:18]} 2. c4 {[%clk 0:15:19]} e6
{[%clk 0:15:18]} 3. g3 {[%clk 0:15:26]} b6 {[%clk 0:15:24]} 4. Bg2
{[%clk 0:15:34]} Bb7 {[%clk 0:15:33]} 5. O-O {[%clk 0:15:42]} c5 {[%clk 0:15:15]}
6. Nc3 {[%clk 0:15:50]} Be7 {[%clk 0:14:10]} 7. Re1 {[%clk 0:15:58]} d6
{[%clk 0:14:12]} 8. e4 {[%clk 0:16:06]} a6 {[%clk 0:11:55]} 9. d4
{[%clk 0:16:11]} cxd4 {[%clk 0:11:57]} 10. Nxd4 {[%clk 0:16:19]} Qc7
{[%clk 0:11:57]} 11. Be3 {[%clk 0:16:25]} Nbd7 {[%clk 0:11:52]} 12. Rc1
{[%clk 0:16:32]} O-O {[%clk 0:11:58]} 13. f4 {[%clk 0:16:40]} Rac8
{[%clk 0:11:05]} 14. g4 {[%clk 0:16:19]} Nc5 {[%clk 0:09:46]} 15. Bf2
{[%clk 0:15:02]} g6 {[%clk 0:06:54]} 16. f5 {[%clk 0:10:49]} e5 {[%clk 0:05:07]}
17. Nc2 {[%clk 0:10:54]} gxf5 {[%clk 0:04:26]} 18. gxf5 {[%clk 0:10:07]} Kh8
{[%clk 0:04:23]} 19. Bf3 {[%clk 0:10:07]} Ne8 {[%clk 0:03:13]} 20. Be3
{[%clk 0:08:43]} Qd8 {[%clk 0:03:20]} 21. Qd2 {[%clk 0:08:46]} Rg8+
{[%clk 0:03:26]} 22. Kh1 {[%clk 0:08:54]} Bg5 {[%clk 0:03:32]} 23. Rg1
{[%clk 0:09:00]} Bxe3 {[%clk 0:03:13]} 24. Rxg8+ {[%clk 0:09:04]} Kxg8
{[%clk 0:03:22]} 25. Qxe3 {[%clk 0:09:08]} Qh4 {[%clk 0:03:19]} 26. Rg1+
{[%clk 0:09:17]} Kf8 {[%clk 0:03:16]} 27. Rg4 {[%clk 0:08:11]} Qf6
{[%clk 0:03:11]} 28. Qg1 {[%clk 0:07:24]} Ke7 {[%clk 0:02:18]} 29. Ne3
{[%clk 0:06:12]} Nc7 {[%clk 0:02:15]} 30. Qg3 {[%clk 0:06:14]} b5
{[%clk 0:00:33]} 31. cxb5 {[%clk 0:05:31]} axb5 {[%clk 0:00:42]} 32. a3
{[%clk 0:05:30]} Na4 {[%clk 0:00:38]} 33. Nxa4 {[%clk 0:04:52]} bxa4
{[%clk 0:00:47]} 34. Rg8 {[%clk 0:00:53]} Qh6 {[%clk 0:00:28]} 35. Rxc8
{[%clk 0:00:21]} Bxc8 {[%clk 0:00:36]} 36. Bd1 {[%clk 0:00:23]} Bd7
{[%clk 0:00:35]} 37. b3 {[%clk 0:00:25]} Bc6 {[%clk 0:00:38]} 38. bxa4
{[%clk 0:00:23]} Bxe4+ {[%clk 0:00:44]} 39. Kg1 {[%clk 0:00:32]} Nd5
{[%clk 0:00:26]} 40. Nxd5+ {[%clk 0:00:24]} Bxd5 {[%clk 0:00:34]} 41. Qd3
{[%clk 0:00:26]} Qg5+ {[%clk 0:00:40]} 42. Kf2 {[%clk 0:00:34]} Qf4+
{[%clk 0:00:24]} 43. Ke1 {[%clk 0:00:40]} Bc4 {[%clk 0:00:30]} 44. Qc3
{[%clk 0:00:39]} d5 {[%clk 0:00:30]} 45. a5 {[%clk 0:00:35]} Kf6 {[%clk 0:00:39]}
46. a6 {[%clk 0:00:41]} Qf1+ {[%clk 0:00:47]} 47. Kd2 {[%clk 0:00:49]} Qf4+
{[%clk 0:00:38]} 48. Ke1 {[%clk 0:00:56]} Qf1+ {[%clk 0:00:39]} 49. Kd2
{[%clk 0:01:04]} Qf4+ {[%clk 0:00:32]} 1/2-1/2

[Event "Russian Championship (Rapid, Women)"]
[Site "Sochi"]
[Date "2018.10.06"]
[Round "6.4"]
[White "Shuvalova, Polina"]
[Black "Dordzhieva, Dinara"]
[Result "1-0"]
[BlackElo "2248"]
[WhiteElo "2342"]
[LiveChessVersion "1.4.8"]

1. e4 {[%clk 0:15:17]} c5 {[%clk 0:14:42]} 2. Nf3 {[%clk 0:15:25]} e6
{[%clk 0:14:51]} 3. c3 {[%clk 0:15:32]} d5 {[%clk 0:14:17]} 4. exd5
{[%clk 0:15:40]} Qxd5 {[%clk 0:14:26]} 5. d4 {[%clk 0:15:48]} Nf6
{[%clk 0:14:34]} 6. Na3 {[%clk 0:15:54]} Nc6 {[%clk 0:14:26]} 7. Be3
{[%clk 0:15:13]} cxd4 {[%clk 0:12:45]} 8. Nb5 {[%clk 0:15:21]} Qd8
{[%clk 0:12:54]} 9. Nbxd4 {[%clk 0:15:27]} Nxd4 {[%clk 0:12:55]} 10. Bxd4
{[%clk 0:15:31]} Be7 {[%clk 0:12:45]} 11. Bd3 {[%clk 0:15:38]} O-O
{[%clk 0:12:40]} 12. Qc2 {[%clk 0:15:46]} h6 {[%clk 0:12:47]} 13. O-O
{[%clk 0:15:44]} Qa5 {[%clk 0:10:49]} 14. Rfe1 {[%clk 0:15:34]} Qc7
{[%clk 0:10:17]} 15. Rad1 {[%clk 0:15:31]} Bd7 {[%clk 0:09:14]} 16. Qe2
{[%clk 0:15:12]} Rad8 {[%clk 0:08:15]} 17. Bb1 {[%clk 0:14:34]} Ba4
{[%clk 0:06:39]} 18. b3 {[%clk 0:13:03]} Be8 {[%clk 0:06:44]} 19. Qc2
{[%clk 0:12:15]} g6 {[%clk 0:06:50]} 20. c4 {[%clk 0:12:08]} Kh7 {[%clk 0:04:29]}
21. Qb2 {[%clk 0:11:08]} Nd7 {[%clk 0:04:36]} 22. h4 {[%clk 0:11:15]} h5
{[%clk 0:02:27]} 23. Qe2 {[%clk 0:10:35]} Bf6 {[%clk 0:00:47]} 24. Ng5+
{[%clk 0:08:56]} Kg8 {[%clk 0:00:32]} 25. Qb2 {[%clk 0:07:54]} e5
{[%clk 0:00:23]} 26. Bc3 {[%clk 0:07:40]} Bg7 {[%clk 0:00:26]} 27. Bb4
{[%clk 0:07:21]} Nf6 {[%clk 0:00:18]} 28. Rxd8 {[%clk 0:07:01]} Qxd8
{[%clk 0:00:24]} 29. Qxe5 {[%clk 0:07:01]} Ng4 {[%clk 0:00:23]} 30. Qf4
{[%clk 0:06:47]} Bc6 {[%clk 0:00:19]} 31. Bxf8 {[%clk 0:06:34]} Qxf8
{[%clk 0:00:28]} 32. Be4 {[%clk 0:06:11]} Be5 {[%clk 0:00:29]} 33. Qf3
{[%clk 0:06:14]} Bd4 {[%clk 0:00:22]} 34. Re2 {[%clk 0:06:13]} Ne5
{[%clk 0:00:15]} 35. Qf4 {[%clk 0:06:07]} Qd6 {[%clk 0:00:14]} 36. Bd5
{[%clk 0:06:01]} Bxd5 {[%clk 0:00:13]} 37. Qxd4 {[%clk 0:06:03]} Qa3
{[%clk 0:00:13]} 38. Rxe5 {[%clk 0:05:51]} 1-0

[Event "Russian Championship (Rapid, Women)"]
[Site "Sochi"]
[Date "2018.10.06"]
[Round "6.5"]
[White "Bivol, Alina"]
[Black "Guseva, Marina"]
[Result "0-1"]
[BlackElo "2320"]
[WhiteElo "2322"]
[LiveChessVersion "1.4.8"]

1. Nf3 {[%clk 0:15:18]} d5 {[%clk 0:15:19]} 2. g3 {[%clk 0:15:27]} Bg4
{[%clk 0:15:27]} 3. Bg2 {[%clk 0:15:35]} Nd7 {[%clk 0:15:36]} 4. d3
{[%clk 0:15:41]} c6 {[%clk 0:15:32]} 5. O-O {[%clk 0:15:47]} Ngf6
{[%clk 0:15:35]} 6. h3 {[%clk 0:15:56]} Bxf3 {[%clk 0:14:39]} 7. Bxf3
{[%clk 0:16:04]} e6 {[%clk 0:14:29]} 8. Bg2 {[%clk 0:16:13]} Bc5 {[%clk 0:14:33]}
9. e3 {[%clk 0:16:11]} O-O {[%clk 0:14:40]} 10. b3 {[%clk 0:16:19]} a5
{[%clk 0:14:35]} 11. a3 {[%clk 0:16:00]} Re8 {[%clk 0:14:17]} 12. Bb2
{[%clk 0:16:08]} Qe7 {[%clk 0:13:52]} 13. Nd2 {[%clk 0:16:12]} e5
{[%clk 0:13:49]} 14. Qe2 {[%clk 0:15:52]} Rad8 {[%clk 0:13:14]} 15. Rfe1
{[%clk 0:14:24]} Qd6 {[%clk 0:11:44]} 16. Nf3 {[%clk 0:12:32]} Qc7
{[%clk 0:09:59]} 17. Qd2 {[%clk 0:12:38]} Bf8 {[%clk 0:08:44]} 18. Kh2
{[%clk 0:11:22]} g6 {[%clk 0:07:05]} 19. Qe2 {[%clk 0:09:55]} Bg7
{[%clk 0:06:39]} 20. c4 {[%clk 0:09:31]} dxc4 {[%clk 0:06:20]} 21. bxc4
{[%clk 0:09:16]} e4 {[%clk 0:06:08]} 22. dxe4 {[%clk 0:09:11]} Nxe4
{[%clk 0:06:16]} 23. Bxg7 {[%clk 0:08:42]} Kxg7 {[%clk 0:06:25]} 24. Qb2+
{[%clk 0:08:30]} Kg8 {[%clk 0:06:29]} 25. Rad1 {[%clk 0:08:00]} Ndc5
{[%clk 0:06:20]} 26. Qc2 {[%clk 0:08:04]} Rxd1 {[%clk 0:05:38]} 27. Rxd1
{[%clk 0:08:12]} Rd8 {[%clk 0:05:47]} 28. Nd4 {[%clk 0:08:13]} Qe7
{[%clk 0:05:03]} 29. Bxe4 {[%clk 0:05:46]} Qxe4 {[%clk 0:05:07]} 30. Qc3
{[%clk 0:05:32]} Ra8 {[%clk 0:04:41]} 31. Qb2 {[%clk 0:04:01]} Qe7
{[%clk 0:04:19]} 32. Nf3 {[%clk 0:03:31]} Rd8 {[%clk 0:02:39]} 33. Qe5
{[%clk 0:03:37]} Ne6 {[%clk 0:02:48]} 34. Nd4 {[%clk 0:02:09]} f6
{[%clk 0:00:58]} 35. Qxa5 {[%clk 0:01:32]} c5 {[%clk 0:01:01]} 36. Nxe6
{[%clk 0:01:18]} Rxd1 {[%clk 0:01:09]} 37. Qa8+ {[%clk 0:01:18]} Kf7
{[%clk 0:01:14]} 38. Nf4 {[%clk 0:01:26]} Qe4 {[%clk 0:01:15]} 39. Ng2
{[%clk 0:01:06]} Kg7 {[%clk 0:00:38]} 40. Qa5 {[%clk 0:00:28]} Qc6
{[%clk 0:00:31]} 41. Qc3 {[%clk 0:00:29]} Qf3 {[%clk 0:00:35]} 42. Qc2
{[%clk 0:00:16]} Rf1 {[%clk 0:00:24]} 0-1